Shizoku jusan to keiei : Fukuoka ni okeru shizoku jusan no keieishiteki kōsatsu /
Saved in:
| Main Author: | |
|---|---|
| Format: | Book |
| Language: | Japanese |
| Published: |
Fukuoka-shi :
Kyūshū Daigaku Shuppankai,
2006.
|
| Edition: | Shohan. |
| Subjects: | |
| Tags: |
Add Tag
No Tags, Be the first to tag this record!
|
| LEADER | 01189cam a22003254a 4500 | ||
|---|---|---|---|
| 001 | 010299543-5 | ||
| 005 | 20070730104002.0 | ||
| 008 | 070523s2006 ja b f001 0 jpn | ||
| 010 | |a 2007338891 | ||
| 020 | |a 487378929X | ||
| 020 | |a 9784873789293 | ||
| 035 | 0 | |a ocn137325342 | |
| 040 | |a DLC-R |c DLC |d HMY | ||
| 043 | |a a-ja--- | ||
| 050 | 0 | 0 | |a HD9866.J33 |b F835 2006 |
| 100 | 1 | |6 880-01 |a Okamoto, Yukio, |d 1926- | |
| 245 | 1 | 0 | |6 880-02 |a Shizoku jusan to keiei : |b Fukuoka ni okeru shizoku jusan no keieishiteki kōsatsu / |c Okamoto Yukio cho. |
| 250 | |6 880-03 |a Shohan. | ||
| 260 | |6 880-04 |a Fukuoka-shi : |b Kyūshū Daigaku Shuppankai, |c 2006. | ||
| 300 | |a vi, 287, xi p. ; |c 22 cm. | ||
| 504 | |a Includes bibliographical references and indexes. | ||
| 650 | 0 | |a Textile industry |z Japan |z Fukuoka-ken |x History |y 19th century. | |
| 651 | 0 | |a Samurai |x History |y 19th century. | |
| 880 | 1 | |6 100-01 |a 岡本幸雄, |d 1926- | |
| 880 | 1 | 0 | |6 245-02 |a 士族授産と経営 : |b 福岡における士族授産の経営史的考察 / |c 岡本幸雄著. |
| 880 | |6 250-03 |a 初版. | ||
| 880 | |6 260-04 |a 福岡市 : |b 九州大学出版会, |c 2006. | ||
| 988 | |a 20070502 | ||
| 049 | |a HMYJ |o d | ||
| 906 | |0 OCLC | ||


